| 000 | 00868nam a2200241 u 4500 | ||
|---|---|---|---|
| 005 | 20240611063626.0 | ||
| 008 | 091020s2006 r 000 0 eng d | ||
| 020 | _a9870600808 (10 dígitos) | ||
| 020 | _a9789870600800 (13 dígitos) | ||
| 035 | _aUPN01000173317 | ||
| 049 | _aCG | ||
| 050 | 4 |
_aQH55 _bR4.3 |
|
| 100 | 1 |
_aRela, Agustín _939685 |
|
| 245 | 1 | 0 |
_a100 experimentos de ciencias naturales : _bpropuestas para la educación primaria y secundaria / _cAgustín Rela y Jorge Sztrajman. |
| 260 |
_aBuenos Aires : _bAique, _c2006. |
||
| 300 |
_a125 p. : _bil. |
||
| 440 | 0 | _aCiencia + docencia | |
| 650 | 4 |
_aCIENCIAS NATURALES - _xEXPERIMENTOS _99681 |
|
| 650 | 4 |
_aCiencias naturales _xEstudio y enseñanza (Elemental) _92812 |
|
| 650 | 4 |
_aCiencias naturales _xEstudio y enseñanza (Secundaria) _97979 |
|
| 700 | 1 |
_aSztrajman, Jorge, _ecoaut. |
|
| 905 | _aLibro | ||
| 999 |
_c145421 _d145421 |
||